000 00963nam0a22002771 4500
001 rc\2320019
005 20110829143855.3
035 _a(NLR Aleph) 006578551
090 _a7021008
_c7021008
100 _a20110829d1977 |||y0rusy50 ca
101 0 _arus
102 _aRU
105 _aa j |||||
200 1 _aХодкость корабля
_e(Курс лекций)
210 _aЛенинград
_cБ. и.
_d1977
215 _a366 с.
_cил.
_d21
300 _aВ надзаг.: Ленингр. высш. воен.-мор. инж. училище им. В.И. Ленина
300 _aНа тит. л.: Посвящается 60-летию Великого Октября
320 _aБиблиогр.: с. 358-360
700 1 _aКорытов
_bН. В.
_gНиколай Владимирович
801 0 _aRU
_bNLR
_gpsbo
801 1 _aRU
_bELAR
_2rusmarc
852 _aNLR
_j81-5/3329
899 _aRuMoRGB
_jБ 78-22/160
942 _cBOOK
980 _aNB